Fundamentals of sales management for the newly appointed sales manager

Based on the bestselling American Management Association seminar, Fundamentals of Sales Management for the Newly Appointed Sales Manager helps sales professionals quickly and easily develop the skills they need to succeed in their new managerial roles. Readers will learn how to: * Make a smooth tran...

Celý popis

Uloženo v:
Podrobná bibliografie
Hlavní autor: Schwartz, Matthew
Médium: Kniha
Jazyk:Undetermined
Vydáno: New York AMACOM 2006
Témata:
Tagy: Přidat tag
Žádné tagy, Buďte první, kdo otaguje tento záznam!
Thư viện lưu trữ: Trung tâm Học liệu Trường Đại học Cần Thơ
LEADER 01285nam a2200205Ia 4500
001 CTU_100780
008 210402s9999 xx 000 0 und d
020 |c 303000 
082 |a 658.8 
082 |b S399 
100 |a Schwartz, Matthew 
245 0 |a Fundamentals of sales management for the newly appointed sales manager 
245 0 |c Matthew Schwartz 
260 |a New York 
260 |b AMACOM 
260 |c 2006 
520 |a Based on the bestselling American Management Association seminar, Fundamentals of Sales Management for the Newly Appointed Sales Manager helps sales professionals quickly and easily develop the skills they need to succeed in their new managerial roles. Readers will learn how to: * Make a smooth transition into management * Build a superior, high-functioning sales team * Set objectives and plan performance * Delegate responsibilities * Recruit new employees * Improve productivity and effectiveness Making the leap into management -- especially sales management -- means meeting a whole new set of challenges. This easy-to-understand book gives readers everything they need to immediately excel at their new responsibilities. 
650 |a Sales management,Management 
904 |i Giang 
980 |a Trung tâm Học liệu Trường Đại học Cần Thơ